| 000 | 00632nam a2200217Ia 4500 | ||
|---|---|---|---|
| 999 |
_c51243 _d51243 |
||
| 001 | 18203 | ||
| 003 | GE_BSU | ||
| 005 | 20221122150700.0 | ||
| 008 | 181216s2013||||enk|||||||||||||| ||eng|| | ||
| 020 | _a978-0071780339x | ||
| 040 | _cGE_BSU | ||
| 080 | _a611.018+576 M-60 | ||
| 100 |
_aMescher, Anthony L. _910334 |
||
| 245 |
_aJunqueira's Basic Histology: _bText and Atlas / _cAnthony L. |
||
| 250 | _aThirteenth Edition | ||
| 264 |
_aNew York : _bMcGraw-Hill Education, _c2013. |
||
| 300 |
_a544 pages: _b+1CD-Rom; _c28 cm. |
||
| 653 | _aმედიცინა | ||
| 653 | _aჰისტოლოგია | ||
| 942 |
_cBK _2udc |
||